000 00626nam a2200181 i 4500
001 61248
003 ES-MaACL
005 20250714050146.0
007 t|
008 031111s1927 sp l |||| | spa d
245 0 0 _aEstatuto municipal de 8 de marzo de 1924
_b: extensamente anotado, comentado y concordado con los reglamentos complementarios y con el estatuto provincial.
250 _a3ª ed.
260 _aMadrid :
_b[s.n.],
_c1927 (
_fImp. de El Consultor)
300 _a1006 p. ;
_c22 cm.
650 0 4 _aAdministración municipal-
_zEspaña-
_vLegislación
_99644
852 _aES-MaACL
_jB-5063
999 _c61248
_d61248